• 首页
  • 本馆介绍
  • 公告通知
  • 最新文献
  • 馆藏检索
  • 电子资源
  • 读者导购
  • 参考咨询
  • 我的图书馆
  • 登录
  • 详细信息显示
  • 放入我的书架
  • 预约/预借图书
  • 作者相关作品
  • 分类相关作品
  • 丛书相关作品
  • 出版社相关作品

书目信息

  • 表格格式
  • 工作单格式
  • 卡片格式
题名:
世界雕塑艺术
    
 
作者: 张石森 , 刘慕 主编
分册:  
出版信息: 呼和浩特   远方出版社  2006
页数: 248页
开本: 21cm
丛书名: 世界美术全鉴
单 册:
中图分类: J305.1
科图分类:
主题词: 雕塑评论--世界
电子资源:
ISBN: 7-80723-082-7
000 00853oam2 2200253 450
001 1575030251
005 20150118205050.54
010    @a7-80723-082-7@dCNY30.00
100    @a20060307d2006 em y0chiy50 ea
101 0  @achi
102    @aCN@b150000
105    @aa z 000yy
200 1  @a世界雕塑艺术@Ashi jie diao su yi shu@f张石森,刘慕主编
210    @a呼和浩特@c远方出版社@d2006
215    @a248页@c图@d21cm
225 2  @a世界美术全鉴
330    @a本书包括:原始雕刻艺术、古埃及雕刻艺术、古代非洲雕刻艺术、古代美洲雕刻艺术、古代希腊雕刻艺术、欧洲文艺复兴雕刻艺术、19世纪西方雕刻艺术、现代雕刻艺术等十二章内容。
461  0 @12001 @a世界美术全鉴
606 0  @a雕塑评论@y世界
690    @aJ305.1@v5
701  0 @a张石森@Azhang shi sen@c(编辑)@4主编
701  0 @a刘慕@Aliu mu@4主编
801  0 @aCN@bTSSF@c20150118
905    @aZUCC@dJ305.1@eJY35
    
    世界雕塑艺术/张石森,刘慕主编.-呼和浩特:远方出版社,2006
    248页:图;21cm.-(世界美术全鉴)
    
    
    ISBN 7-80723-082-7:CNY30.00
    本书包括:原始雕刻艺术、古埃及雕刻艺术、古代非洲雕刻艺术、古代美洲雕刻艺术、古代希腊雕刻艺术、欧洲文艺复兴雕刻艺术、19世纪西方雕刻艺术、现代雕刻艺术等十二章内容。
●
相关链接 在E读中查询图书 在五车中查询图书 在当当中查询图书 在豆瓣中查询图书


正题名:世界雕塑艺术     索取号:J305.1/JY35         预约/预借

序号 登录号 条形码 馆藏地/架位号 状态 备注
1 7847828   278478283   学院路分馆/ [索取号:J305.1/JY35] 在馆    
唐山师范学院图书馆 欢迎您!
大连网信软件有限公司© 版权所有